Orientierungen nach Maastricht.

Hodnotenie perspektív vystriedania nemeckej marky európskou menou v Nemecku. Ciele európskej menovej únie a jej výhody v oblasti financií a v konkurencii s mimoeurópskymi partnermi. Stabilita európskej menovej jednotky. Vytvorenie európskej centrálnej banky a jej úlohy. Počiatok menovej únie v r. 19...

Description complète

Enregistré dans:
Détails bibliographiques
Auteur principal: Kopper, H.
Format: Chapitre de livre
Langue:allemand
Sujets:
Tags: Ajouter un tag
Pas de tags, Soyez le premier à ajouter un tag!

MARC

LEADER 00000naa a2200000 4500
001 r007923
005 20221208123454.4
041 0 |a ger 
044 |a DE 
245 1 0 |a Orientierungen nach Maastricht.  |c H. Kopper 
520 |a Hodnotenie perspektív vystriedania nemeckej marky európskou menou v Nemecku. Ciele európskej menovej únie a jej výhody v oblasti financií a v konkurencii s mimoeurópskymi partnermi. Stabilita európskej menovej jednotky. Vytvorenie európskej centrálnej banky a jej úlohy. Počiatok menovej únie v r. 1999. Špecifickosť európskej meny. Európsky menový inštitút. Úlohy po Maastrichte (európsky trh, spoločný ekonomický priestor..). 
610 2 0 |a únie menové 
610 2 0 |a mena 
610 2 0 |a Európa 
610 2 0 |a banky 
610 2 0 |a konkurencia 
610 2 0 |a stabilita meny 
100 1 |a Kopper, H.